000 00299pam a2200133 a 4500
020 _c
041 _h
082 _a743.028
_bMIL
100 _aJordi Mila .
245 _aTop Sketches
_hTextual Documents
260 _a[s.l]:
_bPage one Publishing,
_c2009.
300 _a200:
_bHard.
930 _a6281
999 _c240071
_d240071